000 00562nam a2200205Ia 4500
005 20250508151932.0
008 008 250505s9999 xx 000 0 eng d
037 _aTextual
040 _aFEDL
_beng
_cFEDL
041 _aeng
_2eng
084 _a301.2, CHI
_qFEDL
100 _aChilde V.G.
_9760407
245 0 _aSociety and knowledge
260 _aLondon, UK
_bGeorge Allen and Unwin Limited
_c1956
300 _axvii,131p.
490 _aWorld Perspectives
650 _aSociology
942 _cTEXL
_h301.2, CHI
999 _c1333071
_d1333071